| Tag |
First Indicator |
Second Indicator |
Subfields |
| LEADER |
00000cas a2200000 4500 |
| 001 |
in00000043209 |
| 005 |
20151007070917.0 |
| 008 |
760428c19769999ne mrzp 0 a0eng |
| 010 |
|
|
|a 76644031
|
| 012 |
|
|
|a 3
|b 3
|e n
|i 8409
|m 0
|
| 016 |
7 |
|
|a J29620000
|2 DNLM
|
| 022 |
|
|
|a 0376-7388
|
| 030 |
|
|
|a JMESDO
|
| 035 |
|
|
|a (OCoLC)ocm02145503
|
| 035 |
|
|
|a (OCoLC)02145503
|
| 035 |
|
|
|9 AAE4950AM
|
| 040 |
|
|
|a NLM
|c NLM
|d NSD
|d DLC
|d SER
|d OCL
|d RCS
|d AIP
|d NST
|d AIP
|d OCL
|d NST
|d NSD
|d CUS
|d UtOrBLW
|
| 042 |
|
|
|a nsdp
|a lc
|
| 049 |
|
|
|a TXAM
|
| 050 |
0 |
0 |
|a TP159.M4
|b J68
|
| 060 |
0 |
0 |
|a W1 JO76I
|
| 082 |
0 |
|
|a 660.2/8424
|
| 210 |
0 |
|
|a J. membr. sci.
|
| 222 |
|
0 |
|a Journal of membrane science
|
| 245 |
0 |
0 |
|a Journal of membrane science.
|
| 264 |
|
1 |
|a Amsterdam :
|b Elsevier Scientific Pub. Co.
|
| 300 |
|
|
|a volumes :
|b illustrations ;
|c 24 cm.
|
| 310 |
|
|
|a Monthly
|b <Jan. 1985->
|
| 321 |
|
|
|a Quarterly
|
| 336 |
|
|
|a text
|b txt
|2 rdacontent
|
| 337 |
|
|
|a unmediated
|b n
|2 rdamedia
|
| 338 |
|
|
|a volume
|b nc
|2 rdacarrier
|
| 362 |
0 |
|
|a v. 1- Mar. 1976-
|
| 490 |
0 |
|
|a < ,Dec. 1977- >: Membrane science and desalination
|
| 510 |
2 |
|
|a Electronics and communications abstracts journal (Riverdale)
|x 0361-3313
|
| 510 |
2 |
|
|a ISMEC bulletin
|x 0306-0039
|
| 510 |
2 |
|
|a Pollution abstracts with indexes
|x 0032-3624
|
| 510 |
2 |
|
|a Safety science abstracts journal
|x 0160-1342
|
| 510 |
2 |
|
|a Engineering index annual (1968)
|x 0360-8557
|
| 510 |
2 |
|
|a Engineering index monthly (1984)
|x 0742-1974
|
| 510 |
2 |
|
|a Engineering index bioengineering abstracts
|x 0736-6213
|
| 510 |
2 |
|
|a Engineeering index energy abstracts
|x 0093-8408
|
| 510 |
2 |
|
|a Life sciences collection
|
| 510 |
2 |
|
|a Selected water resources abstracts
|x 0037-136X
|
| 510 |
2 |
|
|a Excerpta medica
|
| 510 |
2 |
|
|a Energy information abstracts
|x 0147-6521
|
| 510 |
2 |
|
|a Environment abstracts
|x 0093-3287
|
| 510 |
2 |
|
|a Biological abstracts
|x 0006-3169
|
| 510 |
2 |
|
|a Computer & control abstracts
|x 0036-8113
|b March 1977-
|
| 510 |
2 |
|
|a Electrical & electronics abstracts
|x 0036-8105
|b March 1977-
|
| 510 |
2 |
|
|a Physics abstracts. Science abstracts. Series A
|x 0036-8091
|b March 1977-
|
| 510 |
2 |
|
|a Chemical abstracts
|x 0009-2258
|
| 530 |
|
|
|a Available also by subscription via the World Wide Web.
|
| 650 |
|
0 |
|a Membranes (Technology)
|x Periodicals.
|
| 650 |
|
2 |
|a Membranes
|x periodicals.
|
| 650 |
|
2 |
|a Membranes, Artificial
|x periodicals.
|
| 760 |
0 |
|
|t Membrane science and desalination
|
| 850 |
|
|
|a CLSU
|a CU-I
|a CU-S
|a CaOLU
|a CaOWA
|a DLC
|a DeU
|a FU
|a GAT
|a IaAS
|a KyLoU
|a KyU
|a MMeT
|a MiDW
|a MiU
|a MtBC
|a NIC
|a NjMuA
|a NjR
|a OCU
|a OkU
|a OrCS
|a PPiC
|a PPiU
|a PPiU-H
|a PU
|a ViBlbV
|a WyU
|
| 936 |
|
|
|a unknown
|a Mar. 1976
|
| 994 |
|
|
|a E0
|b TXA
|
| 999 |
|
|
|a MARS
|
| 999 |
f |
f |
|s 939326f8-c401-326a-b1e8-2c63a355c532
|i a16f592a-7794-3e09-96c8-d1b8e468c8b3
|t 0
|
| 952 |
f |
f |
|p ric
|a Texas A&M University
|b Rellis Campus
|c Joint Library Facility
|d Remote Storage
|t 0
|e TP159.M4 J68
|h Library of Congress classification
|i unmediated -- volume
|k v.64 -v.65
|l 1991-1992
|m A14816067180
|
| 952 |
f |
f |
|p ric
|a Texas A&M University
|b Rellis Campus
|c Joint Library Facility
|d Remote Storage
|t 0
|e TP159.M4 J68
|h Library of Congress classification
|i unmediated -- volume
|k v.150
|l 1998
|m A14823881812
|
| 952 |
f |
f |
|p ric
|a Texas A&M University
|b Rellis Campus
|c Joint Library Facility
|d Remote Storage
|t 0
|e TP159.M4 J68
|h Library of Congress classification
|i unmediated -- volume
|k v.162
|l 1999
|m A14826390844
|
| 952 |
f |
f |
|p ric
|a Texas A&M University
|b Rellis Campus
|c Joint Library Facility
|d Remote Storage
|t 0
|e TP159.M4 J68
|h Library of Congress classification
|i unmediated -- volume
|k v.153
|l 1999
|m A14824899135
|
| 952 |
f |
f |
|p ric
|a Texas A&M University
|b Rellis Campus
|c Joint Library Facility
|d Remote Storage
|t 0
|e TP159.M4 J68
|h Library of Congress classification
|i unmediated -- volume
|k v.142
|l 1998
|m A14823500416
|
| 952 |
f |
f |
|p ric
|a Texas A&M University
|b Rellis Campus
|c Joint Library Facility
|d Remote Storage
|t 0
|e TP159.M4 J68
|h Library of Congress classification
|i unmediated -- volume
|k v.164
|l 2000
|m A14826390886
|
| 952 |
f |
f |
|p ric
|a Texas A&M University
|b Rellis Campus
|c Joint Library Facility
|d Remote Storage
|t 0
|e TP159.M4 J68
|h Library of Congress classification
|i unmediated -- volume
|k v.163
|l 1999
|m A14826390802
|
| 952 |
f |
f |
|p ric
|a Texas A&M University
|b Rellis Campus
|c Joint Library Facility
|d Remote Storage
|t 0
|e TP159.M4 J68
|h Library of Congress classification
|i unmediated -- volume
|k v.76 -v.77
|l 1993-1993
|m A14817195562
|
| 952 |
f |
f |
|p ric
|a Texas A&M University
|b Rellis Campus
|c Joint Library Facility
|d Remote Storage
|t 0
|e TP159.M4 J68
|h Library of Congress classification
|i unmediated -- volume
|k v.60 -v.61
|l 1991-1991
|m A14815310378
|
| 952 |
f |
f |
|p ric
|a Texas A&M University
|b Rellis Campus
|c Joint Library Facility
|d Remote Storage
|t 0
|e TP159.M4 J68
|h Library of Congress classification
|i unmediated -- volume
|k v.191
|l 2001
|m A14828188772
|
| 952 |
f |
f |
|p ric
|a Texas A&M University
|b Rellis Campus
|c Joint Library Facility
|d Remote Storage
|t 0
|e TP159.M4 J68
|h Library of Congress classification
|i unmediated -- volume
|k v.177
|l 2000
|m A14826829576
|
| 952 |
f |
f |
|p ric
|a Texas A&M University
|b Rellis Campus
|c Joint Library Facility
|d Remote Storage
|t 0
|e TP159.M4 J68
|h Library of Congress classification
|i unmediated -- volume
|k v.194
|l 2001
|m A14828549287
|
| 952 |
f |
f |
|p ric
|a Texas A&M University
|b Rellis Campus
|c Joint Library Facility
|d Remote Storage
|t 0
|e TP159.M4 J68
|h Library of Congress classification
|i unmediated -- volume
|k v.92 -v.93
|l 1994-1994
|m A14818818294
|
| 952 |
f |
f |
|p ric
|a Texas A&M University
|b Rellis Campus
|c Joint Library Facility
|d Remote Storage
|t 0
|e TP159.M4 J68
|h Library of Congress classification
|i unmediated -- volume
|k v.116 -v.117
|l 1996-1996
|m A14820591963
|
| 952 |
f |
f |
|p ric
|a Texas A&M University
|b Rellis Campus
|c Joint Library Facility
|d Remote Storage
|t 0
|e TP159.M4 J68
|h Library of Congress classification
|i unmediated -- volume
|k v.80 -v.81
|l 1993-1993
|m A14817207767
|
| 952 |
f |
f |
|p ric
|a Texas A&M University
|b Rellis Campus
|c Joint Library Facility
|d Remote Storage
|t 0
|e TP159.M4 J68
|h Library of Congress classification
|i unmediated -- volume
|k v.181
|l 2001
|m A14828188887
|
| 952 |
f |
f |
|p ric
|a Texas A&M University
|b Rellis Campus
|c Joint Library Facility
|d Remote Storage
|t 0
|e TP159.M4 J68
|h Library of Congress classification
|i unmediated -- volume
|k v.94 -v.95
|l 1994-1994
|m A14818818341
|
| 952 |
f |
f |
|p ric
|a Texas A&M University
|b Rellis Campus
|c Joint Library Facility
|d Remote Storage
|t 0
|e TP159.M4 J68
|h Library of Congress classification
|i unmediated -- volume
|k v.68 -v.69
|l 1992-1992
|m A14816076854
|
| 952 |
f |
f |
|p ric
|a Texas A&M University
|b Rellis Campus
|c Joint Library Facility
|d Remote Storage
|t 0
|e TP159.M4 J68
|h Library of Congress classification
|i unmediated -- volume
|k v.2
|l 1977
|m A14812163358
|
| 952 |
f |
f |
|p ric
|a Texas A&M University
|b Rellis Campus
|c Joint Library Facility
|d Remote Storage
|t 0
|e TP159.M4 J68
|h Library of Congress classification
|i unmediated -- volume
|k v.151
|l 1998
|m A14824899151
|
| 952 |
f |
f |
|p ric
|a Texas A&M University
|b Rellis Campus
|c Joint Library Facility
|d Remote Storage
|t 0
|e TP159.M4 J68
|h Library of Congress classification
|i unmediated -- volume
|k v.18-19
|l 1984
|m A14837734815
|
| 952 |
f |
f |
|p ric
|a Texas A&M University
|b Rellis Campus
|c Joint Library Facility
|d Remote Storage
|t 0
|e TP159.M4 J68
|h Library of Congress classification
|i unmediated -- volume
|k v.171
|l 2000
|m A14826829534
|
| 952 |
f |
f |
|p ric
|a Texas A&M University
|b Rellis Campus
|c Joint Library Facility
|d Remote Storage
|t 0
|e TP159.M4 J68
|h Library of Congress classification
|i unmediated -- volume
|k v.110 -v.111
|l 1996-1996
|m A14820124300
|
| 952 |
f |
f |
|p ric
|a Texas A&M University
|b Rellis Campus
|c Joint Library Facility
|d Remote Storage
|t 0
|e TP159.M4 J68
|h Library of Congress classification
|i unmediated -- volume
|k v.130 -v.131
|l 1997-1997
|m A14821240785
|
| 952 |
f |
f |
|p ric
|a Texas A&M University
|b Rellis Campus
|c Joint Library Facility
|d Remote Storage
|t 0
|e TP159.M4 J68
|h Library of Congress classification
|i unmediated -- volume
|k v.86 -v.87
|l 1994-1994
|m A14818802586
|
| 952 |
f |
f |
|p ric
|a Texas A&M University
|b Rellis Campus
|c Joint Library Facility
|d Remote Storage
|t 0
|e TP159.M4 J68
|h Library of Congress classification
|i unmediated -- volume
|k v.201
|l 2002
|m A14830190816
|
| 952 |
f |
f |
|p ric
|a Texas A&M University
|b Rellis Campus
|c Joint Library Facility
|d Remote Storage
|t 0
|e TP159.M4 J68
|h Library of Congress classification
|i unmediated -- volume
|k v.54 -v.55
|l 1990-1991
|m A14814655173
|
| 952 |
f |
f |
|p ric
|a Texas A&M University
|b Rellis Campus
|c Joint Library Facility
|d Remote Storage
|t 0
|e TP159.M4 J68
|h Library of Congress classification
|i unmediated -- volume
|k v.66 -v.67
|l 1992-1992
|m A14815661143
|
| 952 |
f |
f |
|p ric
|a Texas A&M University
|b Rellis Campus
|c Joint Library Facility
|d Remote Storage
|t 0
|e TP159.M4 J68
|h Library of Congress classification
|i unmediated -- volume
|k v.10 -v.11
|l 1982-1982
|m A14811192095
|
| 952 |
f |
f |
|p ric
|a Texas A&M University
|b Rellis Campus
|c Joint Library Facility
|d Remote Storage
|t 0
|e TP159.M4 J68
|h Library of Congress classification
|i unmediated -- volume
|k v.122 -v.123
|l 1996-1997
|m A14821240476
|
| 952 |
f |
f |
|p ric
|a Texas A&M University
|b Rellis Campus
|c Joint Library Facility
|d Remote Storage
|t 0
|e TP159.M4 J68
|h Library of Congress classification
|i unmediated -- volume
|k v.193
|l 2001
|m A14828188722
|
| 952 |
f |
f |
|p ric
|a Texas A&M University
|b Rellis Campus
|c Joint Library Facility
|d Remote Storage
|t 0
|e TP159.M4 J68
|h Library of Congress classification
|i unmediated -- volume
|k v.136 -v.137
|l 1997-1997
|m A14823331524
|
| 952 |
f |
f |
|p ric
|a Texas A&M University
|b Rellis Campus
|c Joint Library Facility
|d Remote Storage
|t 0
|e TP159.M4 J68
|h Library of Congress classification
|i unmediated -- volume
|k v.202
|l 2002
|m A14830190858
|
| 952 |
f |
f |
|p ric
|a Texas A&M University
|b Rellis Campus
|c Joint Library Facility
|d Remote Storage
|t 0
|e TP159.M4 J68
|h Library of Congress classification
|i unmediated -- volume
|k v.46 -v.47
|l 1989-1989
|m A14812094680
|
| 952 |
f |
f |
|p ric
|a Texas A&M University
|b Rellis Campus
|c Joint Library Facility
|d Remote Storage
|t 0
|e TP159.M4 J68
|h Library of Congress classification
|i unmediated -- volume
|k v.169
|l 2000
|m A14826829314
|
| 952 |
f |
f |
|p ric
|a Texas A&M University
|b Rellis Campus
|c Joint Library Facility
|d Remote Storage
|t 0
|e TP159.M4 J68
|h Library of Congress classification
|i unmediated -- volume
|k v.203
|l 2002
|m A14830190890
|
| 952 |
f |
f |
|p ric
|a Texas A&M University
|b Rellis Campus
|c Joint Library Facility
|d Remote Storage
|t 0
|e TP159.M4 J68
|h Library of Congress classification
|i unmediated -- volume
|k v.100 -v.101
|l 1995-1995
|m A14819390037
|
| 952 |
f |
f |
|p ric
|a Texas A&M University
|b Rellis Campus
|c Joint Library Facility
|d Remote Storage
|t 0
|e TP159.M4 J68
|h Library of Congress classification
|i unmediated -- volume
|k v.198
|l 2002
|m A14830190696
|
| 952 |
f |
f |
|p ric
|a Texas A&M University
|b Rellis Campus
|c Joint Library Facility
|d Remote Storage
|t 0
|e TP159.M4 J68
|h Library of Congress classification
|i unmediated -- volume
|k v.170
|l 2000
|m A14826829322
|
| 952 |
f |
f |
|p ric
|a Texas A&M University
|b Rellis Campus
|c Joint Library Facility
|d Remote Storage
|t 0
|e TP159.M4 J68
|h Library of Congress classification
|i unmediated -- volume
|k v.161
|l 1999
|m A14826390488
|
| 952 |
f |
f |
|p ric
|a Texas A&M University
|b Rellis Campus
|c Joint Library Facility
|d Remote Storage
|t 0
|e TP159.M4 J68
|h Library of Congress classification
|i unmediated -- volume
|k v.96 -v.97
|l 1994-1994
|m A14818849813
|
| 952 |
f |
f |
|p ric
|a Texas A&M University
|b Rellis Campus
|c Joint Library Facility
|d Remote Storage
|t 0
|e TP159.M4 J68
|h Library of Congress classification
|i unmediated -- volume
|k v.112 -v.113
|l 1996-1996
|m A14820124295
|
| 952 |
f |
f |
|p ric
|a Texas A&M University
|b Rellis Campus
|c Joint Library Facility
|d Remote Storage
|t 0
|e TP159.M4 J68
|h Library of Congress classification
|i unmediated -- volume
|k v.4
|l 1978-79
|m A14837734734
|
| 952 |
f |
f |
|p ric
|a Texas A&M University
|b Rellis Campus
|c Joint Library Facility
|d Remote Storage
|t 0
|e TP159.M4 J68
|h Library of Congress classification
|i unmediated -- volume
|k v.78 -v.79
|l 1993-1993
|m A14817195554
|
| 952 |
f |
f |
|p ric
|a Texas A&M University
|b Rellis Campus
|c Joint Library Facility
|d Remote Storage
|t 0
|e TP159.M4 J68
|h Library of Congress classification
|i unmediated -- volume
|k v.212
|l 2003
|m A14830189750
|
| 952 |
f |
f |
|p ric
|a Texas A&M University
|b Rellis Campus
|c Joint Library Facility
|d Remote Storage
|t 0
|e TP159.M4 J68
|h Library of Congress classification
|i unmediated -- volume
|k v.176
|l 2000
|m A14826829209
|
| 952 |
f |
f |
|p ric
|a Texas A&M University
|b Rellis Campus
|c Joint Library Facility
|d Remote Storage
|t 0
|e TP159.M4 J68
|h Library of Congress classification
|i unmediated -- volume
|k v.22 -v.23
|l 1985-1985
|m A14812191482
|
| 952 |
f |
f |
|p ric
|a Texas A&M University
|b Rellis Campus
|c Joint Library Facility
|d Remote Storage
|t 0
|e TP159.M4 J68
|h Library of Congress classification
|i unmediated -- volume
|k v.8 -v.9
|l 1981-1981
|m A14812175313
|
| 952 |
f |
f |
|p ric
|a Texas A&M University
|b Rellis Campus
|c Joint Library Facility
|d Remote Storage
|t 0
|e TP159.M4 J68
|h Library of Congress classification
|i unmediated -- volume
|k v.183
|l 2001
|m A14828188829
|
| 952 |
f |
f |
|p ric
|a Texas A&M University
|b Rellis Campus
|c Joint Library Facility
|d Remote Storage
|t 0
|e TP159.M4 J68
|h Library of Congress classification
|i unmediated -- volume
|k v.52 -v.53
|l 1990-1990
|m A14812937414
|
| 952 |
f |
f |
|p ric
|a Texas A&M University
|b Rellis Campus
|c Joint Library Facility
|d Remote Storage
|t 0
|e TP159.M4 J68
|h Library of Congress classification
|i unmediated -- volume
|k v.188
|l 2001
|m A14828188780
|
| 952 |
f |
f |
|p ric
|a Texas A&M University
|b Rellis Campus
|c Joint Library Facility
|d Remote Storage
|t 0
|e TP159.M4 J68
|h Library of Congress classification
|i unmediated -- volume
|k v.211
|l 2003
|m A14830190955
|
| 952 |
f |
f |
|p ric
|a Texas A&M University
|b Rellis Campus
|c Joint Library Facility
|d Remote Storage
|t 0
|e TP159.M4 J68
|h Library of Congress classification
|i unmediated -- volume
|k v.149
|l 1998
|m A14823881765
|
| 952 |
f |
f |
|p ric
|a Texas A&M University
|b Rellis Campus
|c Joint Library Facility
|d Remote Storage
|t 0
|e TP159.M4 J68
|h Library of Congress classification
|i unmediated -- volume
|k v.160
|l 1999
|m A14826390446
|
| 952 |
f |
f |
|p ric
|a Texas A&M University
|b Rellis Campus
|c Joint Library Facility
|d Remote Storage
|t 0
|e TP159.M4 J68
|h Library of Congress classification
|i unmediated -- volume
|k v.114 -v.115
|l 1996-1996
|m A14820124287
|
| 952 |
f |
f |
|p ric
|a Texas A&M University
|b Rellis Campus
|c Joint Library Facility
|d Remote Storage
|t 0
|e TP159.M4 J68
|h Library of Congress classification
|i unmediated -- volume
|k v.145
|l 1998
|m A14823500563
|
| 952 |
f |
f |
|p ric
|a Texas A&M University
|b Rellis Campus
|c Joint Library Facility
|d Remote Storage
|t 0
|e TP159.M4 J68
|h Library of Congress classification
|i unmediated -- volume
|k v.200
|l 2002:Index:151/199
|m A14830190777
|
| 952 |
f |
f |
|p ric
|a Texas A&M University
|b Rellis Campus
|c Joint Library Facility
|d Remote Storage
|t 0
|e TP159.M4 J68
|h Library of Congress classification
|i unmediated -- volume
|k v.210
|l 2002
|m A14830190913
|
| 952 |
f |
f |
|p ric
|a Texas A&M University
|b Rellis Campus
|c Joint Library Facility
|d Remote Storage
|t 0
|e TP159.M4 J68
|h Library of Congress classification
|i unmediated -- volume
|k v.128 -v.129
|l 1997-1997
|m A14821240272
|
| 952 |
f |
f |
|p ric
|a Texas A&M University
|b Rellis Campus
|c Joint Library Facility
|d Remote Storage
|t 0
|e TP159.M4 J68
|h Library of Congress classification
|i unmediated -- volume
|k v.140 -v.141
|l 1998-1998
|m A14823331508
|
| 952 |
f |
f |
|p ric
|a Texas A&M University
|b Rellis Campus
|c Joint Library Facility
|d Remote Storage
|t 0
|e TP159.M4 J68
|h Library of Congress classification
|i unmediated -- volume
|k v.144
|l 1998:June 10
|m A14823500513
|
| 952 |
f |
f |
|p ric
|a Texas A&M University
|b Rellis Campus
|c Joint Library Facility
|d Remote Storage
|t 0
|e TP159.M4 J68
|h Library of Congress classification
|i unmediated -- volume
|k v.12 -v.13
|l 1982-1983
|m A14813824575
|
| 952 |
f |
f |
|p ric
|a Texas A&M University
|b Rellis Campus
|c Joint Library Facility
|d Remote Storage
|t 0
|e TP159.M4 J68
|h Library of Congress classification
|i unmediated -- volume
|k v.48 -v.49
|l 1990-1990
|m A14812895507
|
| 952 |
f |
f |
|p ric
|a Texas A&M University
|b Rellis Campus
|c Joint Library Facility
|d Remote Storage
|t 0
|e TP159.M4 J68
|h Library of Congress classification
|i unmediated -- volume
|k v.38 -v.39
|l 1988-1988
|m A14811642317
|
| 952 |
f |
f |
|p ric
|a Texas A&M University
|b Rellis Campus
|c Joint Library Facility
|d Remote Storage
|t 0
|e TP159.M4 J68
|h Library of Congress classification
|i unmediated -- volume
|k v.74 -v.75
|l 1992-1992
|m A14817147496
|
| 952 |
f |
f |
|p ric
|a Texas A&M University
|b Rellis Campus
|c Joint Library Facility
|d Remote Storage
|t 0
|e TP159.M4 J68
|h Library of Congress classification
|i unmediated -- volume
|k v.3
|l 1978
|m A14837734611
|
| 952 |
f |
f |
|p ric
|a Texas A&M University
|b Rellis Campus
|c Joint Library Facility
|d Remote Storage
|t 0
|e TP159.M4 J68
|h Library of Congress classification
|i unmediated -- volume
|k v.56 -v.57
|l 1991-1991
|m A14814365972
|
| 952 |
f |
f |
|p ric
|a Texas A&M University
|b Rellis Campus
|c Joint Library Facility
|d Remote Storage
|t 0
|e TP159.M4 J68
|h Library of Congress classification
|i unmediated -- volume
|k v.28-29
|l 1986
|m A14837734857
|
| 952 |
f |
f |
|p ric
|a Texas A&M University
|b Rellis Campus
|c Joint Library Facility
|d Remote Storage
|t 0
|e TP159.M4 J68
|h Library of Congress classification
|i unmediated -- volume
|k v.185
|l 2001
|m A14828188853
|
| 952 |
f |
f |
|p ric
|a Texas A&M University
|b Rellis Campus
|c Joint Library Facility
|d Remote Storage
|t 0
|e TP159.M4 J68
|h Library of Congress classification
|i unmediated -- volume
|k v.44 -v.45
|l 1989-1989
|m A14811953865
|
| 952 |
f |
f |
|p ric
|a Texas A&M University
|b Rellis Campus
|c Joint Library Facility
|d Remote Storage
|t 0
|e TP159.M4 J68
|h Library of Congress classification
|i unmediated -- volume
|k v.102 -v.103
|l 1995-1995
|m A14819390087
|
| 952 |
f |
f |
|p ric
|a Texas A&M University
|b Rellis Campus
|c Joint Library Facility
|d Remote Storage
|t 0
|e TP159.M4 J68
|h Library of Congress classification
|i unmediated -- volume
|k v.62 -v.63
|l 1991-1991
|m A14815696295
|
| 952 |
f |
f |
|p ric
|a Texas A&M University
|b Rellis Campus
|c Joint Library Facility
|d Remote Storage
|t 0
|e TP159.M4 J68
|h Library of Congress classification
|i unmediated -- volume
|k v.174
|l 2000
|m A14826829241
|
| 952 |
f |
f |
|p ric
|a Texas A&M University
|b Rellis Campus
|c Joint Library Facility
|d Remote Storage
|t 0
|e TP159.M4 J68
|h Library of Congress classification
|i unmediated -- volume
|k v.42 -v.43
|l 1989-1989
|m A14811843141
|
| 952 |
f |
f |
|p ric
|a Texas A&M University
|b Rellis Campus
|c Joint Library Facility
|d Remote Storage
|t 0
|e TP159.M4 J68
|h Library of Congress classification
|i unmediated -- volume
|k v.34 -v.35
|l 1987-1988
|m A14811423844
|
| 952 |
f |
f |
|p ric
|a Texas A&M University
|b Rellis Campus
|c Joint Library Facility
|d Remote Storage
|t 0
|e TP159.M4 J68
|h Library of Congress classification
|i unmediated -- volume
|k v.32 -v.33
|l 1987-1987
|m A14811396843
|
| 952 |
f |
f |
|p ric
|a Texas A&M University
|b Rellis Campus
|c Joint Library Facility
|d Remote Storage
|t 0
|e TP159.M4 J68
|h Library of Congress classification
|i unmediated -- volume
|k v.70 -v.71
|l 1992-1992
|m A14816088827
|
| 952 |
f |
f |
|p ric
|a Texas A&M University
|b Rellis Campus
|c Joint Library Facility
|d Remote Storage
|t 0
|e TP159.M4 J68
|h Library of Congress classification
|i unmediated -- volume
|k v.16-17
|l 1983-84
|m A14837734776
|
| 952 |
f |
f |
|p ric
|a Texas A&M University
|b Rellis Campus
|c Joint Library Facility
|d Remote Storage
|t 0
|e TP159.M4 J68
|h Library of Congress classification
|i unmediated -- volume
|k v.148
|l 1998
|m A14823881715
|
| 952 |
f |
f |
|p ric
|a Texas A&M University
|b Rellis Campus
|c Joint Library Facility
|d Remote Storage
|t 0
|e TP159.M4 J68
|h Library of Congress classification
|i unmediated -- volume
|k v.154
|l 1999
|m A14824899127
|
| 952 |
f |
f |
|p ric
|a Texas A&M University
|b Rellis Campus
|c Joint Library Facility
|d Remote Storage
|t 0
|e TP159.M4 J68
|h Library of Congress classification
|i unmediated -- volume
|k v.36 -v.37
|l 1988-1988
|m A14811618067
|
| 952 |
f |
f |
|p ric
|a Texas A&M University
|b Rellis Campus
|c Joint Library Facility
|d Remote Storage
|t 0
|e TP159.M4 J68
|h Library of Congress classification
|i unmediated -- volume
|k v.7
|l 1980
|m A14813046826
|
| 952 |
f |
f |
|p ric
|a Texas A&M University
|b Rellis Campus
|c Joint Library Facility
|d Remote Storage
|t 0
|e TP159.M4 J68
|h Library of Congress classification
|i unmediated -- volume
|k v.40 -v.41
|l 1989-1989
|m A14811834760
|
| 952 |
f |
f |
|p ric
|a Texas A&M University
|b Rellis Campus
|c Joint Library Facility
|d Remote Storage
|t 0
|e TP159.M4 J68
|h Library of Congress classification
|i unmediated -- volume
|k v.157
|l 1999
|m A14824899096
|
| 952 |
f |
f |
|p ric
|a Texas A&M University
|b Rellis Campus
|c Joint Library Facility
|d Remote Storage
|t 0
|e TP159.M4 J68
|h Library of Congress classification
|i unmediated -- volume
|k v.155
|l 1999
|m A14824899119
|
| 952 |
f |
f |
|p ric
|a Texas A&M University
|b Rellis Campus
|c Joint Library Facility
|d Remote Storage
|t 0
|e TP159.M4 J68
|h Library of Congress classification
|i unmediated -- volume
|k v.173
|l 2000
|m A14826829275
|
| 952 |
f |
f |
|p ric
|a Texas A&M University
|b Rellis Campus
|c Joint Library Facility
|d Remote Storage
|t 0
|e TP159.M4 J68
|h Library of Congress classification
|i unmediated -- volume
|k v.190
|l 2001
|m A14828188845
|
| 952 |
f |
f |
|p ric
|a Texas A&M University
|b Rellis Campus
|c Joint Library Facility
|d Remote Storage
|t 0
|e TP159.M4 J68
|h Library of Congress classification
|i unmediated -- volume
|k v.138 -v.139
|l 1998-1998
|m A14823331516
|
| 952 |
f |
f |
|p ric
|a Texas A&M University
|b Rellis Campus
|c Joint Library Facility
|d Remote Storage
|t 0
|e TP159.M4 J68
|h Library of Congress classification
|i unmediated -- volume
|k v.156
|l 1999
|m A14824899101
|
| 952 |
f |
f |
|p ric
|a Texas A&M University
|b Rellis Campus
|c Joint Library Facility
|d Remote Storage
|t 0
|e TP159.M4 J68
|h Library of Congress classification
|i unmediated -- volume
|k v.186
|l 2001
|m A14828188861
|
| 952 |
f |
f |
|p ric
|a Texas A&M University
|b Rellis Campus
|c Joint Library Facility
|d Remote Storage
|t 0
|e TP159.M4 J68
|h Library of Congress classification
|i unmediated -- volume
|k v.88 -v.89
|l 1994-1994
|m A14818803794
|
| 952 |
f |
f |
|p ric
|a Texas A&M University
|b Rellis Campus
|c Joint Library Facility
|d Remote Storage
|t 0
|e TP159.M4 J68
|h Library of Congress classification
|i unmediated -- volume
|k v.189
|l 2001
|m A14828188748
|
| 952 |
f |
f |
|p ric
|a Texas A&M University
|b Rellis Campus
|c Joint Library Facility
|d Remote Storage
|t 0
|e TP159.M4 J68
|h Library of Congress classification
|i unmediated -- volume
|k v.165
|l 2000
|m A14826390925
|
| 952 |
f |
f |
|p ric
|a Texas A&M University
|b Rellis Campus
|c Joint Library Facility
|d Remote Storage
|t 0
|e TP159.M4 J68
|h Library of Congress classification
|i unmediated -- volume
|k v.146
|l 1997
|m A14823881618
|
| 952 |
f |
f |
|p ric
|a Texas A&M University
|b Rellis Campus
|c Joint Library Facility
|d Remote Storage
|t 0
|e TP159.M4 J68
|h Library of Congress classification
|i unmediated -- volume
|k v.6
|l 1980
|m A14812163405
|
| 952 |
f |
f |
|p ric
|a Texas A&M University
|b Rellis Campus
|c Joint Library Facility
|d Remote Storage
|t 0
|e TP159.M4 J68
|h Library of Congress classification
|i unmediated -- volume
|k v.24 -v.25
|l 1985-1985/1986
|m A14812192153
|
| 952 |
f |
f |
|p ric
|a Texas A&M University
|b Rellis Campus
|c Joint Library Facility
|d Remote Storage
|t 0
|e TP159.M4 J68
|h Library of Congress classification
|i unmediated -- volume
|k v.143
|l 1998:May 27
|m A14823500466
|
| 952 |
f |
f |
|p ric
|a Texas A&M University
|b Rellis Campus
|c Joint Library Facility
|d Remote Storage
|t 0
|e TP159.M4 J68
|h Library of Congress classification
|i unmediated -- volume
|k v.159
|l 1999:July1
|m A14824902077
|
| 952 |
f |
f |
|p ric
|a Texas A&M University
|b Rellis Campus
|c Joint Library Facility
|d Remote Storage
|t 0
|e TP159.M4 J68
|h Library of Congress classification
|i unmediated -- volume
|k v.197
|l 2002
|m A14830190654
|
| 952 |
f |
f |
|p ric
|a Texas A&M University
|b Rellis Campus
|c Joint Library Facility
|d Remote Storage
|t 0
|e TP159.M4 J68
|h Library of Congress classification
|i unmediated -- volume
|k v.120 -v.121
|l 1996-1996
|m A14820711694
|
| 952 |
f |
f |
|p ric
|a Texas A&M University
|b Rellis Campus
|c Joint Library Facility
|d Remote Storage
|t 0
|e TP159.M4 J68
|h Library of Congress classification
|i unmediated -- volume
|k v.168
|l 2000
|m A14826391044
|
| 952 |
f |
f |
|p ric
|a Texas A&M University
|b Rellis Campus
|c Joint Library Facility
|d Remote Storage
|t 0
|e TP159.M4 J68
|h Library of Congress classification
|i unmediated -- volume
|k v.30 -v.31
|l 1987-1987
|m A14809063248
|
| 952 |
f |
f |
|p ric
|a Texas A&M University
|b Rellis Campus
|c Joint Library Facility
|d Remote Storage
|t 0
|e TP159.M4 J68
|h Library of Congress classification
|i unmediated -- volume
|k v.84 -v.85
|l 1993-1993
|m A14817859360
|
| 952 |
f |
f |
|p ric
|a Texas A&M University
|b Rellis Campus
|c Joint Library Facility
|d Remote Storage
|t 0
|e TP159.M4 J68
|h Library of Congress classification
|i unmediated -- volume
|k v.206
|l 2002
|m A14830190824
|
| 952 |
f |
f |
|p ric
|a Texas A&M University
|b Rellis Campus
|c Joint Library Facility
|d Remote Storage
|t 0
|e TP159.M4 J68
|h Library of Congress classification
|i unmediated -- volume
|k v.178
|l 2000
|m A14827354312
|
| 952 |
f |
f |
|p ric
|a Texas A&M University
|b Rellis Campus
|c Joint Library Facility
|d Remote Storage
|t 0
|e TP159.M4 J68
|h Library of Congress classification
|i unmediated -- volume
|k v.72 -v.73
|l 1992-1992
|m A14816132024
|
| 952 |
f |
f |
|p ric
|a Texas A&M University
|b Rellis Campus
|c Joint Library Facility
|d Remote Storage
|t 0
|e TP159.M4 J68
|h Library of Congress classification
|i unmediated -- volume
|k v.180:no.2
|l 2000:Dec.15
|m A14828188926
|
| 952 |
f |
f |
|p ric
|a Texas A&M University
|b Rellis Campus
|c Joint Library Facility
|d Remote Storage
|t 0
|e TP159.M4 J68
|h Library of Congress classification
|i unmediated -- volume
|k v.26 -v.27
|l 1986-1986
|m A14811210461
|
| 952 |
f |
f |
|p ric
|a Texas A&M University
|b Rellis Campus
|c Joint Library Facility
|d Remote Storage
|t 0
|e TP159.M4 J68
|h Library of Congress classification
|i unmediated -- volume
|k v.158
|l 1999:June1
|m A14824902085
|
| 952 |
f |
f |
|p ric
|a Texas A&M University
|b Rellis Campus
|c Joint Library Facility
|d Remote Storage
|t 0
|e TP159.M4 J68
|h Library of Congress classification
|i unmediated -- volume
|k v.167
|l 2000
|m A14826391002
|
| 952 |
f |
f |
|p ric
|a Texas A&M University
|b Rellis Campus
|c Joint Library Facility
|d Remote Storage
|t 0
|e TP159.M4 J68
|h Library of Congress classification
|i unmediated -- volume
|k v.132 -v.133
|l 1997-1997
|m A14823331540
|
| 952 |
f |
f |
|p ric
|a Texas A&M University
|b Rellis Campus
|c Joint Library Facility
|d Remote Storage
|t 0
|e TP159.M4 J68
|h Library of Congress classification
|i unmediated -- volume
|k v.20 -v.21
|l 1984-1984
|m A14813972035
|
| 952 |
f |
f |
|p ric
|a Texas A&M University
|b Rellis Campus
|c Joint Library Facility
|d Remote Storage
|t 0
|e TP159.M4 J68
|h Library of Congress classification
|i unmediated -- volume
|k v.199
|l 2002
|m A14830190735
|
| 952 |
f |
f |
|p ric
|a Texas A&M University
|b Rellis Campus
|c Joint Library Facility
|d Remote Storage
|t 0
|e TP159.M4 J68
|h Library of Congress classification
|i unmediated -- volume
|k v.187
|l 2001
|m A14828188803
|
| 952 |
f |
f |
|p ric
|a Texas A&M University
|b Rellis Campus
|c Joint Library Facility
|d Remote Storage
|t 0
|e TP159.M4 J68
|h Library of Congress classification
|i unmediated -- volume
|k v.172
|l 2000
|m A14826829283
|
| 952 |
f |
f |
|p ric
|a Texas A&M University
|b Rellis Campus
|c Joint Library Facility
|d Remote Storage
|t 0
|e TP159.M4 J68
|h Library of Congress classification
|i unmediated -- volume
|k v.182
|l 2001
|m A14828188895
|
| 952 |
f |
f |
|p ric
|a Texas A&M University
|b Rellis Campus
|c Joint Library Facility
|d Remote Storage
|t 0
|e TP159.M4 J68
|h Library of Congress classification
|i unmediated -- volume
|k v.147
|l 1998
|m A14823881668
|
| 952 |
f |
f |
|p ric
|a Texas A&M University
|b Rellis Campus
|c Joint Library Facility
|d Remote Storage
|t 0
|e TP159.M4 J68
|h Library of Congress classification
|i unmediated -- volume
|k v.82 -v.83:Index:51/75
|l 1993-1993
|m A14817871655
|
| 952 |
f |
f |
|p ric
|a Texas A&M University
|b Rellis Campus
|c Joint Library Facility
|d Remote Storage
|t 0
|e TP159.M4 J68
|h Library of Congress classification
|i unmediated -- volume
|k v.175
|l 2000
|m A14826829233
|
| 952 |
f |
f |
|p ric
|a Texas A&M University
|b Rellis Campus
|c Joint Library Facility
|d Remote Storage
|t 0
|e TP159.M4 J68
|h Library of Congress classification
|i unmediated -- volume
|k v.205
|l 2002
|m A14830190947
|
| 952 |
f |
f |
|p ric
|a Texas A&M University
|b Rellis Campus
|c Joint Library Facility
|d Remote Storage
|t 0
|e TP159.M4 J68
|h Library of Congress classification
|i unmediated -- volume
|k v.50 -v.51
|l 1990-1990
|m A14812923635
|
| 952 |
f |
f |
|p ric
|a Texas A&M University
|b Rellis Campus
|c Joint Library Facility
|d Remote Storage
|t 0
|e TP159.M4 J68
|h Library of Congress classification
|i unmediated -- volume
|k v.124 -v.125
|l 1997-1997
|m A14821240735
|
| 952 |
f |
f |
|p ric
|a Texas A&M University
|b Rellis Campus
|c Joint Library Facility
|d Remote Storage
|t 0
|e TP159.M4 J68
|h Library of Congress classification
|i unmediated -- volume
|k v.152
|l 1999
|m A14824899143
|
| 952 |
f |
f |
|p ric
|a Texas A&M University
|b Rellis Campus
|c Joint Library Facility
|d Remote Storage
|t 0
|e TP159.M4 J68
|h Library of Congress classification
|i unmediated -- volume
|k v.126 -v.127:Index:v.101/125
|l 1997-1997
|m A14821240329
|
| 952 |
f |
f |
|p ric
|a Texas A&M University
|b Rellis Campus
|c Joint Library Facility
|d Remote Storage
|t 0
|e TP159.M4 J68
|h Library of Congress classification
|i unmediated -- volume
|k v.207
|l 2002
|m A14830190866
|
| 952 |
f |
f |
|p ric
|a Texas A&M University
|b Rellis Campus
|c Joint Library Facility
|d Remote Storage
|t 0
|e TP159.M4 J68
|h Library of Congress classification
|i unmediated -- volume
|k v.58 -v.59
|l 1991-1991
|m A14815300056
|
| 952 |
f |
f |
|p ric
|a Texas A&M University
|b Rellis Campus
|c Joint Library Facility
|d Remote Storage
|t 0
|e TP159.M4 J68
|h Library of Congress classification
|i unmediated -- volume
|k v.192
|l 2001
|m A14828188730
|
| 952 |
f |
f |
|p ric
|a Texas A&M University
|b Rellis Campus
|c Joint Library Facility
|d Remote Storage
|t 0
|e TP159.M4 J68
|h Library of Congress classification
|i unmediated -- volume
|k v.108 -v.109
|l 1995-1996
|m A14820124318
|
| 952 |
f |
f |
|p ric
|a Texas A&M University
|b Rellis Campus
|c Joint Library Facility
|d Remote Storage
|t 0
|e TP159.M4 J68
|h Library of Congress classification
|i unmediated -- volume
|k v.179
|l 2000
|m A14827354354
|
| 952 |
f |
f |
|p ric
|a Texas A&M University
|b Rellis Campus
|c Joint Library Facility
|d Remote Storage
|t 0
|e TP159.M4 J68
|h Library of Congress classification
|i unmediated -- volume
|k v.134 -v.135
|l 1997-1997
|m A14823331532
|
| 952 |
f |
f |
|p ric
|a Texas A&M University
|b Rellis Campus
|c Joint Library Facility
|d Remote Storage
|t 0
|e TP159.M4 J68
|h Library of Congress classification
|i unmediated -- volume
|k v.104 -v.105
|l 1995-1995
|m A14819559152
|
| 952 |
f |
f |
|p ric
|a Texas A&M University
|b Rellis Campus
|c Joint Library Facility
|d Remote Storage
|t 0
|e TP159.M4 J68
|h Library of Congress classification
|i unmediated -- volume
|k v.14 -v.15
|l 1983-1983
|m A14812171092
|
| 952 |
f |
f |
|p ric
|a Texas A&M University
|b Rellis Campus
|c Joint Library Facility
|d Remote Storage
|t 0
|e TP159.M4 J68
|h Library of Congress classification
|i unmediated -- volume
|k v.5
|l 1979
|m A14811857857
|
| 952 |
f |
f |
|p ric
|a Texas A&M University
|b Rellis Campus
|c Joint Library Facility
|d Remote Storage
|t 0
|e TP159.M4 J68
|h Library of Congress classification
|i unmediated -- volume
|k v.195
|l 2001
|m A14828549326
|
| 952 |
f |
f |
|p ric
|a Texas A&M University
|b Rellis Campus
|c Joint Library Facility
|d Remote Storage
|t 0
|e TP159.M4 J68
|h Library of Congress classification
|i unmediated -- volume
|k v.106 -v.107
|l 1995-1995
|m A14819556780
|
| 952 |
f |
f |
|p ric
|a Texas A&M University
|b Rellis Campus
|c Joint Library Facility
|d Remote Storage
|t 0
|e TP159.M4 J68
|h Library of Congress classification
|i unmediated -- volume
|k v.98 -v.99
|l 1995-1995
|m A14818849863
|
| 952 |
f |
f |
|p ric
|a Texas A&M University
|b Rellis Campus
|c Joint Library Facility
|d Remote Storage
|t 0
|e TP159.M4 J68
|h Library of Congress classification
|i unmediated -- volume
|k v.184
|l 2001
|m A14828188811
|
| 952 |
f |
f |
|p ric
|a Texas A&M University
|b Rellis Campus
|c Joint Library Facility
|d Remote Storage
|t 0
|e TP159.M4 J68
|h Library of Congress classification
|i unmediated -- volume
|k v.166
|l 2000
|m A14826390967
|
| 952 |
f |
f |
|p ric
|a Texas A&M University
|b Rellis Campus
|c Joint Library Facility
|d Remote Storage
|t 0
|e TP159.M4 J68
|h Library of Congress classification
|i unmediated -- volume
|k v.90 -v.91
|l 1994-1994
|m A14818790810
|
| 952 |
f |
f |
|p ric
|a Texas A&M University
|b Rellis Campus
|c Joint Library Facility
|d Remote Storage
|t 0
|e TP159.M4 J68
|h Library of Congress classification
|i unmediated -- volume
|k v.196
|l 2002
|m A14830190573
|
| 952 |
f |
f |
|p ric
|a Texas A&M University
|b Rellis Campus
|c Joint Library Facility
|d Remote Storage
|t 0
|e TP159.M4 J68
|h Library of Congress classification
|i unmediated -- volume
|k v.209
|l 2002
|m A14830190905
|
| 952 |
f |
f |
|p ric
|a Texas A&M University
|b Rellis Campus
|c Joint Library Facility
|d Remote Storage
|t 0
|e TP159.M4 J68
|h Library of Congress classification
|i unmediated -- volume
|k v.118 -v.119
|l 1996-1996
|m A14820711644
|
| 952 |
f |
f |
|p ric
|a Texas A&M University
|b Rellis Campus
|c Joint Library Facility
|d Remote Storage
|t 0
|e TP159.M4 J68
|h Library of Congress classification
|i unmediated -- volume
|k v.204
|l 2002
|m A14830190939
|
| 998 |
f |
f |
|a TP159.M4 J68
|s v.181-207 (2001-2002),209-212 (2002-2003)
|t 0
|l Remote Storage
|